01276naa a22003137a 4500001001000000003000900010005001700019007000300036008003400039040005400073041000900127072002000136090001800156100001700174111008500191245014500276260003900421500011300460650002100573650001000594650001300604650002100617650001000638773011200648909003600760942001400796999001900810952013300829BR7901586BR-BrBNA20240918174327.0ta230509b bl.||||| |||| 00| 0 por d aBR-BrBNAbporcBiblioteca Nacional de Agricultura a(Pt) aH20b0180bG514 aH20 BR79015861 aCoelho, E.T.1 a10. Reuniao Anual Conjunta de Pesquisa de TrigocPorto Alegre, RS (Brazil)d19781 aLevantamento de racas fisiologicas de Puccinia graminis tritici (ferrugem do colmo do trigo)no Brasil em 1976 e 1977 (parcial)[Triticum spp]3 aPasso Fundo, RS (Brasil): c1978.  aSolos e tecnicas culturais,economia e sanidade Passo Fundo, RS (Brasil): 1978. p. 136-140 (BR7901586-AM)H20  aDoenca de planta aTrigo aFerrugem aRaca fisiologica aColmo0 tSolos e tecnicas culturais,economia e sanidadebwH20 BR7901586gPasso Fundo, RS (Brasil), 1978. p. 136-140 a202404bLuciac55dLucia Elande cAM2AGRIS c310418d310418 002AGRIS40708Acervo Gerala41918b41918cAgrobasel0r2024-05-20t01yAM10d2024-04-11ePortaria Interministerial nÂș 164/94